Catálogo

Cómo entender los swaps / (Registro nro. 19658)

Detalles MARC
000 -LEADER
fixed length control field 01144cam a2200325 i 4500
001 - CONTROL NUMBER
control field 19658
003 - CONTROL NUMBER IDENTIFIER
control field Mx-PuUPA
005 - DATE AND TIME OF LATEST TRANSACTION
control field 20240410103511.0
008 - FIXED-LENGTH DATA ELEMENTS--GENERAL INFORMATION
fixed length control field 140415s1996 mx fr 001 0 spa d
020 ## - INTERNATIONAL STANDARD BOOK NUMBER
International Standard Book Number 9682612918
040 ## - CATALOGING SOURCE
Original cataloging agency Mx-PuUPA
Language of cataloging spa
Transcribing agency Mx-PuUPA
Modifying agency Mx-PuUPA
Description conventions rda
041 1# - LANGUAGE CODE
Language code of text/sound track or separate title spa
Language code of original eng
100 1# - MAIN ENTRY--PERSONAL NAME
Personal name Marshall, John F.,
Relator term autor
240 10 - UNIFORM TITLE
Uniform title Understanding swaps.
Language of a work Español
245 10 - TITLE STATEMENT
Title Cómo entender los swaps /
Statement of responsibility, etc. John F. Marshall, Kenneth R. Kapner ; traducción, Ernesto Uranga Flores
250 ## - EDITION STATEMENT
Edition statement Primera edición
264 #1 - PRODUCTION, PUBLICATION, DISTRIBUTION, MANUFACTURE, AND COPYRIGHT NOTICE
Place of production, publication, distribution, manufacture México, D.F. :
Name of producer, publisher, distributor, manufacturer Compañía Editorial Continental,
Date of production, publication, distribution, manufacture, or copyright notice 1996
300 ## - PHYSICAL DESCRIPTION
Extent 289 páginas ;
Dimensions 23 cm
336 ## - CONTENT TYPE
Fuente rdacontent
Content type term texto
Content type code txt
337 ## - MEDIA TYPE
Source rdamedia
Media type term sin medio
Media type code n
338 ## - CARRIER TYPE
Source rdacarrier
Carrier type term volumen
Carrier type code nc
650 #7 - SUBJECT ADDED ENTRY--TOPICAL TERM
Topical term or geographic name entry element Inversiones
General subdivision Pago
Source of heading or term armarc
700 1# - ADDED ENTRY--PERSONAL NAME
Personal name Kapner, Kenneth R.,
Relator term autor
700 1# - ADDED ENTRY--PERSONAL NAME
Personal name Uranga Flores, Ernesto,
Relator term traductor
765 08 - ORIGINAL LANGUAGE ENTRY
Main entry heading Marshall, John F.,
Title Understanding swaps.
International Standard Book Number 0471308277
942 ## - ADDED ENTRY ELEMENTS (KOHA)
Source of classification or shelving scheme Dewey Decimal Classification
Classification part 332.67
Koha item type Libro
Item part M298
Existencias
Withdrawn status Lost status Source of classification or shelving scheme Damaged status Not for loan Collection code Home library Current library Shelving location Date acquired Source of acquisition Total Checkouts Full call number Barcode Date last seen Price effective from Koha item type
    Dewey Decimal Classification     General Biblioteca Karol Wojtyla Biblioteca Karol Wojtyla Sala general 03/12/2013 Donación / reposición   332.67 M298 1996 39208 05/01/2026 03/12/2013 Libro